| 000 | 00599nam a22001337a 4500 | ||
|---|---|---|---|
| 040 | _cRUA | ||
| 082 | _aATM LAN 2011 B199 Or.1 | ||
| 100 | _aLANG SAVOEURN; ឡាង សាវឿន | ||
| 245 | _aEffect on dipped cucumber seeds by using uniconazole, ឥទ្ធិពលនៃការប្រើប្រាស់ Uniconazole ទៅលើការត្រំាគ្រាប់ពូជត្រសក់. | ||
| 260 |
_aPhnom Penh _bRUA _c2011 |
||
| 300 |
_aix; 39p. _bill. _c29cm. |
||
| 856 | _uhttps://drive.google.com/file/d/1TTWj1mwYI6J1L2KExNAFHtYMiRc36jH4/view?usp=sharing | ||
| 942 | _cATM | ||
| 999 |
_c4308 _d4308 |
||